Los acuerdos de paz y la reforma estructurakl y democratica del estado /

Gespeichert in:
Bibliographische Detailangaben
1. Verfasser: Ruano Estrada, Jorge
Format: Text
Schlagworte:
Tags: Tag hinzufügen
Keine Tags, Fügen Sie den ersten Tag hinzu!

MARC

LEADER 00000 a a2200000 04500
001 45499
003
040 |a CRAI/IIS  |c CRAI/IIS 
090 |a REV0780 (36)1998  
100 |a Ruano Estrada, Jorge  
245 |a Los acuerdos de paz y la reforma estructurakl y democratica del estado /  |c Jorge Ruano Estrada  
650 |a DEMOCRATIZACION  
650 |a MANTENIMIENTO DE LA PAZ  
650 |a MODERNIZACION  
650 |a REFORMA POLITICA  
773 |g número36, IV Epoca (1998), páginas 9-23  
999 |c 18192  |d 18192